000 00677nam a2200253Ia 4500
005 20260121155424.0
008 008 260114s9999 xx 000 0 eng d
020 _a9780429286230
037 _aEBOOK
040 _aCRL
040 _beng
040 _cCRL
041 _2eng
041 _aeng
084 _qCRL
100 _a Christopher Hartwell; Eleonora Ambrosetti; Chiara Lovotti; Aleksandra Chmielewska
_91019302
245 0 _aRussia in the Middle East and North Africa
260 _bTaylor and Francis
260 _c2020
856 _uhttp://www.taylorfrancis.com/books/9780429286230
942 _cEBOOK
999 _c1586121
_d1586121